Memorandum To Parliament By The Minister For Finance (Hon. Ken Ofori-Atta) On Request For Approval For The Waiver Of Import Duty, Import Vat, Import nhil, Getfund Levy, Exim Levy And Special Import Levy Amounting To The Ghana Cedi Equivalent Of US (Record no. 2766)
[ view plain ]
| 000 -LEADER | |
|---|---|
| fixed length control field | 01078nam a2200145Ia 4500 |
| 008 - FIXED-LENGTH DATA ELEMENTS--GENERAL INFORMATION | |
| fixed length control field | 240429s9999||||xx |||||||||||||| ||und|| |
| 041 ## - LANGUAGE CODE | |
| Language code of text/sound track or separate title | eng |
| 082 ## - DEWEY DECIMAL CLASSIFICATION NUMBER | |
| Classification number | PM/ECDS/20 |
| 100 ## - MAIN ENTRY--PERSONAL NAME | |
| Personal name | Parliament of Ghana |
| 245 #0 - TITLE STATEMENT | |
| Title | Memorandum To Parliament By The Minister For Finance (Hon. Ken Ofori-Atta) On Request For Approval For The Waiver Of Import Duty, Import Vat, Import nhil, Getfund Levy, Exim Levy And Special Import Levy Amounting To The Ghana Cedi Equivalent Of US |
| -- | 1,244,408.00 On Project Materials & Equipment For The Development & Integration Of Educational Information & Communication Technologies (ICT) Into Early Childhood Educational System COG Contract 2020 |
| 300 ## - PHYSICAL DESCRIPTION | |
| Extent | 18.:tabs |
| 650 ## - SUBJECT ADDED ENTRY--TOPICAL TERM | |
| Topical term or geographic name entry element | - Memorandum To Parliament By The Minister For Finance (Hon. Ken Ofori-Atta) - And Special Import Levy Amounting To The Ghana Cedi Equivalent Of US |
| -- | 1,244,408.00 On Project - Materials & Equipment For The Development & Integration Of Educational Information & Communication T - (ICT) Into Early Childhood Educational System COG Contract 2020 |
| 942 ## - ADDED ENTRY ELEMENTS (KOHA) | |
| Koha item type | Annual Report |
| Withdrawn status | Lost status | Damaged status | Not for loan | Home library | Current library | Shelving location | Date acquired | Total checkouts | Full call number | Date last seen | Copy number | Price effective from | Koha item type |
|---|---|---|---|---|---|---|---|---|---|---|---|---|---|
| Main Library | Main Library | Reference | 02/03/2023 | PM/ECDS/20 5191 | 29/04/2024 | 1 | 29/04/2024 | Annual Report |